000 00631nam a22002417a 4500
003 UA-OsUOA
001 24234
007 ta
008 20040211b un ||||| |||| 00| 0 ukr d
090 _a327(042.4)
_bС56
942 _cBK
040 _aUA-OsUOA
_brus
_cUA-OsUOA
_dUA-OsUOA
245 _aСовременные международные отношения
_bУчебник
_cРед. А.В.Торкунов
300 _a584 с.
955 _a0
041 _arus
080 _a327(042.4)
020 _a5-8243-0085-2
260 _aМосква
_bРОССПЭН
_c2000
044 _aRU
650 7 _2UDC
999 _c310500
_d310500